000 02894nam a22003977a 4500
003 CHAP
005 20251126133522.0
008 060215d2005 mx r 00110 spa d
010 _a91698
011 _a92670
035 _a103235
040 _cCHAP
090 _aTesis
100 1 _aSandoval Ceballos, José Alfredo.
245 1 0 _aEvaluación financiera del cultivo de agave azul variedad tequilana weber para productores independientes del municipio de Autlán de Navarro, Jalisco/
_cpor José Alfredo Sandoval Ceballos; director Ramón Valdivia Alcalá.
260 _aChapingo, Méx. :
_bEl autor,
_c2005.
300 _a99 h. ;
_bgráfs.
502 _aTesis ) -- UACH.
_bLicenciado en Economía Agrícola.
_cDivisión de Ciencias Económico Administrativas,
_d2005.
520 _aLa bebida denominada "Tequila" se obtiene del agave azul variedad Tequilana Weber originario del estado de Jalisco y que de acuerdo a la Denominación de Origen del Tequila solo puede ser producido en los estados de Nayarit, Guanajuato, Michoacán y Tamaulipas. El cultivo de agave en el municipio de Autlán de Navarro, Jalisco, es relativamente nuevo. En el año 2000 la industria tequilera tuvo escasez de materia prima y el precio de compra del agave pasó de 85 centavos a 18 pesos/kg., lo que incentivó la producción del agave azul. Para el año 2003 el abasto de materia prima para la industria se normalizó y el precio cayó a 2 pesos/kg. El costo de producción del agave en Autlán resultó ser más elevado que en otros municipios del Estado (Ameca por ejemplo). 2 Por los anteriores argumentos se planteó realizar la evaluación financiera del cultivo en el municipio de Autlán. Se aplicó una tasa de actualización del 15% obteniendo un VAN. de 176,097 pesos, una relación beneficio-costo B/C de 2.692, una relación inversión-beneficio neto N/K de 2.715 y una tasa interna de retorno de 40%. Al realiza un análisis de sensibilidad, la producción resultó ser no sensible a aumentos en los costos de producción por abajo del 40%, disminuciones en el precio de compra del agave por abajo del 50% y en el rendimiento por abajo del 40%
590 _aALEPH
_b10
_c20130110
590 _aBATCH-UPD
_b10
_c20130110
590 _aBATCH-UPD
_b10
_c20130410
590 _aBATCH-UPD
_b10
_c20130913
590 _aCONVERSION
_b10
_c20130109
650 1 4 _aAgave tequilana.
650 1 4 _aAgave
_xAspectos económicos.
650 1 4 _aAgave
_xJalisco.
650 1 4 _aAgave
_xRendimiento.
650 1 4 _aFinanzas
_xEvaluación.
700 1 _aValdivia Alcalá, Ramón
_edirector.
856 4 2 _uhttp://10.13.5.2/tesis/103235.pdf
_yDESCARGAR PDF
901 _aBK
942 _cTesis
_2Clasificación Universidad Autónoma Chapingo
949 _aTesis
_bBC
_cTES
_d00000001032351
_eTS1
_gDonaciØn
_h44516
_i103235
_sb
949 _aTesis
_bBC
_cTES
_d33724000991915
_eTS2
_fc.2
_gDonaciØn
_h44517
_i103235
_si
999 _c91698
_d91698